| 000 | 00508nam a2200181Ia 4500 | ||
|---|---|---|---|
| 003 | OSt | ||
| 005 | 20201016154035.0 | ||
| 008 | 190216s9999||||xx |||||||||||||| ||und|| | ||
| 020 | _a9780330418591 | ||
| 040 | _coclc | ||
| 082 |
_a365.6092 _bARC/P |
||
| 100 |
_aArcher, Jeffrey _95315 |
||
| 245 | 0 |
_aA Prison Diary / _cJeffrey Archer |
|
| 260 |
_bPan Books, _c2002. _a London: |
||
| 300 | _a259p | ||
| 650 | _aEnglish-Biography | ||
| 942 |
_cBK _2ddc _h365.6092 _iARC/P _k365.6092 _mARC/P |
||
| 999 |
_c14614 _d14614 |
||